Carnaval y otros cuentos /

El presente volumen recoge once relatos cortos publicados tras la muerte de la autora danesa y escritos por Dinesen en diferentes etapas de su vida: La familia Cats, Tío Théodore, Carnaval, El último día, Tío Séneca, El hombre obeso, Anna, Caballos fantasmas, La dama orgullosa, El oso y el beso y El...

وصف كامل

محفوظ في:
التفاصيل البيبلوغرافية
المؤلف الرئيسي: Dinesen, Isak (autor)
التنسيق: كتاب
اللغة:الإسبانية
منشور في: Río de Janeiro, Brasil : Nórdica Libros, 2010, c2010
سلاسل:(Letras Nórdicas ; 18)
الموضوعات:
الوسوم: إضافة وسم
لا توجد وسوم, كن أول من يضع وسما على هذه التسجيلة!

MARC

LEADER 00000nam^a2200000^a^4500
001 000318058
005 20250521000000.0
009 20260310113402.176
020 |a 978-84-92683-19-2 
037 |a Acervo ITESO - Biblioteca 
041 |a ESP 
082 |a 839. 81  |b DIN 
100 |a Dinesen, Isak  |e (autor) 
240 1 1 |a [Caballos fantasmas] 
240 1 4 |a [La familia Cats] 
245 1 0 |a Carnaval y otros cuentos /  |c I. Dinesen ; tr. por Jaime Silva. 
264 4 |a Río de Janeiro, Brasil :  |b Nórdica Libros,  |c 2010, c2010 
300 |a 333 p. 
336 |a texto  |b txt  |2 rdacontenido 
337 |a sin mediación  |b n  |2 rdamedio 
338 |a volumen  |b nc  |2 rdasoporte 
440 1 |a (Letras Nórdicas ;  |v 18) 
500 |a Traducción de: Karneval og andre fortaellinger 
520 |a El presente volumen recoge once relatos cortos publicados tras la muerte de la autora danesa y escritos por Dinesen en diferentes etapas de su vida: La familia Cats, Tío Théodore, Carnaval, El último día, Tío Séneca, El hombre obeso, Anna, Caballos fantasmas, La dama orgullosa, El oso y el beso y El segundo encuentro. 
545 0 |a Isak Dinesen, pseudónimo de la escritora de lenguas danesa e inglesa Karen Blixen (Rungsted, 1885 – Copenhague, 1962), cuya obra está marcada indeleblemente por sus experiencias de casi veinte años en Kenia (1913-1931), donde radicó con su esposo y primo, el barón sueco Bror Von Flixen-Finecke, y sostuvo una relación amorosa con el cazador inglés Denys Finch Hatton. Aunque desde 1907 ya había publicado algunas obras, como La familia Cats (1909) o La venganza de la verdad (1926), el inicio formal de su trayectoria literaria se produjo al volver a su natal Dinamarca, con Siete cuentos góticos (1934), por los que alcanzó un gran reconocimiento, pero su popularidad la demarcó su siguiente obra: Memorias de Africa (1937, también traducida como Africa mía y Lejos de Africa), galardonadas con el Premio Viaje en 1939. La autora, quien durante toda su vida adulta sufrió problemas permanentes de salud, mantuvo su actividad durante la Segunda Guerra Mundial con Cuentos de invierno (1942) y la novela The Angelic Avengers (1944), aunque hubo de aguardar más de una década para publicar su siguiente libro, Last Tales (1957), al tiempo que era postulada en dos ocasiones para el Premio Nobel (1954 y 1957). Anécdotas del destino (1958) y la autobiográfica Shadows of the Grass (1963) conforman la última etapa de la obra aparecida en vida de Blixen, de quien han sido editados en forma póstuma Ehrengard (1963), Carnaval: recreaciones y cuentos póstumos (1977) y Cartas de Africa (1981), entre otros títulos. Admirada por sus contemporáneos Ernest Hemingway o Truman Capote, la carismática figura de la escritora, baronesa y viajejera danesa se ha mantenido también en el imaginario a través de adaptaciones fílmicas, como las de las novelas An Inmortal Story (1968), por Orson Welles, y El festín de Babette (1987), por Gabriel Axel, o Africa mía (1985), película de Sydney Pollack, basada en las memorias y correspondencia de Dinesen. 
649 |a XX 
650 |a Cuentos Daneses 
650 |a Literatura en Inglés -  |z Dinamarca 
650 |a Literatura de Mujeres -  |z Dinamarca 
650 |a Literatura Danesa -  |y Siglo XX 
910 |a Fondo General 
920 |a Impresos - Libros 
930 |a Colección General 
940 |a Literatura 
905 |a 101 
901 |a 0500205034  |b IT1  |c LIT  |i C130694  |u 20250521 
902 |a https://opac.biblio.iteso.mx/vufind/Record/000318058